| 000 | 00394nam a2200133Ia 4500 | ||
|---|---|---|---|
| 008 | 191014s9999 xx 000 0 und d | ||
| 020 | _a0-521-43848-9 | ||
| 082 |
_a523.1 _bSCI |
||
| 100 |
_aD.W.Sciama _920339 |
||
| 245 | 0 | _aModern Cosmology and the Dark Matter Problem (Cambridge Lecture Notes in Physics) | |
| 260 |
_aUK _bCambridge University Press _c1993 |
||
| 300 | _aXv,216 | ||
| 942 | _cBK | ||
| 999 |
_c530912 _d530912 |
||